000 03297nam a22003617a 4500
005 20101202145340.0
008 090224t xxu||||| |||| 00| 0 hin d
010 _aHIN-91177 B-437788-795
020 _c200.00
_a8177143735
035 _aHN-63523 B-437788-795
037 _bDBAD / PUB
037 _bAllied Pub/Ven
040 _aDPL
_bHN
082 _a
100 _aजोशी, दिनकर
_924550
245 _aअंकरहित शून्यों का जोड़ः
_cदिनकर जोशी; आशित हैदराबादी द्वारा अनुदित
_bसामाजिक उपन्यास /
260 _aनई दिल्ली
_bप्रकाशन संस्थान
_c2010
270 _a4268-बी/3, अंसारी रोड, दरियागंज
_bनई दिल्ली
_e110002
300 _a144पृ.
_c22सेमी. (सजिल्द)
650 _9697
700 _924551
_aआशित हैदराबादी
942 _2ddc
_cHN
_mजोशीदि
_h
999 _c48968
_d48968